World English ( Workbook )
Đã lưu trong:
| Formáid: | Leabhar |
|---|---|
| Teanga: | Undetermined |
| Foilsithe: |
Orlando, FL
Harcourt, Brace International
1981
|
| Ábhair: | |
| Clibeanna: |
Cuir Clib Leis
Gan Chlibeanna, Bí ar an gcéad duine leis an taifead seo a chlibeáil!
|
| Thư viện lưu trữ: | Trung tâm Học liệu Trường Đại học Cần Thơ |
|---|
| LEADER | 00545nam a2200181Ia 4500 | ||
|---|---|---|---|
| 001 | CTU_125634 | ||
| 008 | 210402s9999 xx 000 0 und d | ||
| 082 | |a 428.007 | ||
| 082 | |b W927w/T6 | ||
| 245 | 0 | |a World English ( Workbook ) | |
| 245 | 0 | |c Edited by Peter Javanovich and Christopher Morris | |
| 260 | |a Orlando, FL | ||
| 260 | |b Harcourt, Brace International | ||
| 260 | |c 1981 | ||
| 650 | |a English language | ||
| 650 | |x Study and teaching,Foreign speakers. | ||
| 904 | |i Minh | ||
| 980 | |a Trung tâm Học liệu Trường Đại học Cần Thơ | ||